000 01264nam a2200349 a 4500
001 000115089
003 CHAP
005 20220329144514.0
008 181002s2018 mx a sm |||||||spa d
010 _a111550
011 _a112522
040 _cCHAP
090 _aTesis
100 1 _aLuna García, Isaías de.
_9130030
245 1 0 _aAcumulación de inulina durante el desarrollo en especies de dalia /
_h[En línea]
_cpor Isaias de Luna García.
260 _aChapingo, Méx. :
_bEl autor,
_c2018.
500 _aPara ver el contenido del material haga clic en la liga
502 _aTesis (M.C. en Horticultura) -- UACH. Departamento de Fitotecnia
590 _aE8697GMM
_b05
_c20181002
_lUCH01
_h1344
590 _aE8697GMM
_b05
_c20181002
_lUCH01
_h1347
590 _aE8697GMM
_b05
_c20181002
_lUCH01
_h1428
590 _aE8697GMM
_b05
_c20181130
_lUCH01
_h1149
590 _aE8697GMM
_b05
_c20190516
_lUCH01
_h1432
650 1 4 _aDalia
_xFisiología y morfología.
_930946
650 1 4 _aDalia
_xRaiz tuberosa
_xValor nutricional.
_9130385
650 1 4 _aDalia
_xVariedades.
_9134842
650 1 4 _aInulina
_xIdentificación.
_9133701
856 _aFinding aid
_uhttp://10.13.5.2/tesis/sist115089.pdf
_zTeclea aquí
901 _aBK
942 _cTESIS
942 _n0
999 _c111550
_d111550